| 000 | 005090000a22001690004500 | ||
|---|---|---|---|
| 020 | _a958-21-01334 | ||
| 041 | 0 | _aSPA | |
| 082 | 0 | 4 | _aG 572 Y947q |
| 245 | 1 | 0 | _aQue'iyapeje yucu mari huapura'aco chu : Una colección de leyendas y mitos en yucuna y español / Eladio Yucuna, Compilador |
| 260 | _aBogotá, Colombia : A. Lleras Camargo | ||
| 300 | _a96 Pag | ||
| 001 | 10377 | ||
| 942 | _cBK | ||
| 999 |
_c39951 _d39951 |
||
| 336 |
_atexto _btxt _2rdacontent |
||
| 337 |
_2rdamedia _asin mediación _bn |
||
| 338 |
_2rdacarrier _avolumen _bnc |
||